Power plant engineering: the theory and practice of stationary electric generating plants (Record no. 1264)

000 -LEADER
fixed length control field 00486nam a2200145 4500
008 - FIXED-LENGTH DATA ELEMENTS--GENERAL INFORMATION
fixed length control field 200120b ||||| |||| 00| 0 eng d
082 00 - DEWEY DECIMAL CLASSIFICATION NUMBER
Classification number 621.312
Item number M884
100 ## - MAIN ENTRY--PERSONAL NAME
9 (RLIN) 851
Personal name Morse, Fredrick T.
245 10 - TITLE STATEMENT
Title Power plant engineering: the theory and practice of stationary electric generating plants
260 ## - PUBLICATION, DISTRIBUTION, ETC. (IMPRINT)
Place of publication, distribution, etc New Delhi
Name of publisher, distributor, etc East- West Press
Date of publication, distribution, etc 1953
300 ## - PHYSICAL DESCRIPTION
Extent xii, 687 p.
490 0# - SERIES STATEMENT
Series statement Adapted to M. K. S. Units
650 #0 - SUBJECT ADDED ENTRY--TOPICAL TERM
Topical term or geographic name as entry element Electric power plants
942 ## - ADDED ENTRY ELEMENTS (KOHA)
Source of classification or shelving scheme
Item type Books
Holdings
Withdrawn status Lost status Source of classification or shelving scheme Damaged status Not for loan Permanent location Current location Date acquired Full call number Barcode Date last seen Koha item type
          IMU Kolkata IMU Kolkata 1975-09-02 621.312 M884 04317 2020-01-20 Books
Designed and Maintained by IMU-KC Library, Kolkata Campus © Copyright All Rights Reserved

webs counters

Powered by Koha